Na zvieratách spotrebitelia zatiaľ nešetria

Aj keď sa v posledných rokoch zo psov a mačiek stal v mnohých prípadoch plnohodnotný člen domácnosti, prudko rastúca inflácia vzťah spotrebiteľov k domácim zvieratám určite ovplyvní. Obávajú sa toho výrobcovia prémiových krmív a za pravdu im dávajú aj čísla agentúry NIQ. V roku 2022 totiž síce narás...

Ausführliche Beschreibung

Gespeichert in:
Bibliographische Detailangaben
1. Verfasser: Kapitán, Peter
Format: Buchkapitel
Sprache:Slowakisch
Schlagworte:
Tags: Tag hinzufügen
Keine Tags, Fügen Sie das erste Tag hinzu!

MARC

LEADER 00000naa a2200000 4500
001 0292052
005 20240417075233.5
041 0 |a slo 
044 |a CZ 
245 1 0 |a Na zvieratách spotrebitelia zatiaľ nešetria  |c Peter Kapitán 
520 |a Aj keď sa v posledných rokoch zo psov a mačiek stal v mnohých prípadoch plnohodnotný člen domácnosti, prudko rastúca inflácia vzťah spotrebiteľov k domácim zvieratám určite ovplyvní. Obávajú sa toho výrobcovia prémiových krmív a za pravdu im dávajú aj čísla agentúry NIQ. V roku 2022 totiž síce narástli tržby v kategórii pet food o viac ako 15 %, no objem predaného krmiva o takmer 6 % klesol. Je vysoko pravdepodobné, že rovnaký trend bude pretrvávať aj v tomto roku. 
610 2 0 |a zvieratá 
610 2 0 |a chov zvierat 
610 2 0 |a krmoviny 
610 2 0 |a správanie spotrebiteľa 
610 2 0 |a značky privátne 
100 1 |a Kapitán, Peter